|
|
|
|
| LEADER |
01862nam a2200553 i 4500 |
| 001 |
nkc20213343387 |
| 003 |
CZ PrNK |
| 005 |
20210906101835.0 |
| 007 |
ta |
| 008 |
210715t20212021xr a e f 000 0 cze |
| 015 |
|
|
|a cnb003343387
|
| 020 |
|
|
|a 978-80-7345-692-4
|q (brožováno) :
|c Kč 195,00
|
| 035 |
|
|
|a (OCoLC)1267679298
|
| 040 |
|
|
|a BOA001
|b cze
|e rda
|
| 072 |
|
7 |
|a 616
|x Patologie. Klinická medicína
|2 Konspekt
|9 14
|
| 080 |
|
|
|a 616.14
|2 MRF
|
| 080 |
|
|
|a 616.13/.14
|2 MRF
|
| 080 |
|
|
|a 617.58
|2 MRF
|
| 080 |
|
|
|a 616.147.3-007.64
|2 MRF
|
| 080 |
|
|
|a 616-07
|2 MRF
|
| 080 |
|
|
|a 616-08
|2 MRF
|
| 080 |
|
|
|a (035)
|2 MRF
|
| 100 |
1 |
|
|a Baláž, Peter,
|d 1975-
|7 xx0057810
|4 aut
|
| 245 |
1 |
0 |
|a Žíly, žilky a varixy /
|c Peter Baláž
|
| 264 |
|
1 |
|a Praha :
|b Maxdorf,
|c [2021]
|
| 264 |
|
4 |
|c ©2021
|
| 300 |
|
|
|a 91 stran :
|b ilustrace (převážně barevné) ;
|c 20 cm
|
| 336 |
|
|
|a text
|b txt
|2 rdacontent
|
| 337 |
|
|
|a bez média
|b n
|2 rdamedia
|
| 338 |
|
|
|a svazek
|b nc
|2 rdacarrier
|
| 650 |
0 |
7 |
|a flebologie
|7 ph503050
|2 czenas
|
| 650 |
0 |
7 |
|a cévní nemoci
|7 ph134730
|2 czenas
|
| 650 |
0 |
7 |
|a nemoci dolních končetin
|7 ph134922
|2 czenas
|
| 650 |
0 |
7 |
|a varixy dolních končetin
|7 ph135859
|2 czenas
|
| 650 |
0 |
7 |
|a diagnostika (lékařství)
|7 ph114312
|2 czenas
|
| 650 |
0 |
7 |
|a terapie
|7 ph116435
|2 czenas
|
| 650 |
0 |
9 |
|a phlebology
|2 eczenas
|
| 650 |
0 |
9 |
|a vascular diseases
|2 eczenas
|
| 650 |
0 |
9 |
|a lower extremity diseases
|2 eczenas
|
| 650 |
0 |
9 |
|a varicose veins of lower extremities
|2 eczenas
|
| 650 |
0 |
9 |
|a medical diagnostics
|2 eczenas
|
| 650 |
0 |
9 |
|a therapy
|2 eczenas
|
| 655 |
|
7 |
|a příručky
|7 fd133209
|2 czenas
|
| 655 |
|
9 |
|a handbooks and manuals
|2 eczenas
|
| 910 |
2 |
|
|a BOA001
|b 1-1470.371
|
| 990 |
|
|
|a BK
|
| 995 |
|
|
|a 01
|
| 991 |
|
|
|b 202108
|c NOV
|
| 996 |
6 |
|
|b 2610872835
|c 1-1470.371
|l MZK
|r Sklad / do 1 hodiny
|n 2
|p p.v.
|w 001858818
|u 000010
|a 1
|e BOA001
|j MZK50
|s P
|